<?xml version="1.0" encoding="UTF-8"?>
<record
    xmlns:xsi="http://www.w3.org/2001/XMLSchema-instance"
    xsi:schemaLocation="http://www.loc.gov/MARC21/slim http://www.loc.gov/standards/marcxml/schema/MARC21slim.xsd"
    xmlns="http://www.loc.gov/MARC21/slim">

  <leader>01707nam a2200385 c 4500</leader>
  <controlfield tag="001">59859</controlfield>
  <controlfield tag="003">CO-BoRNBP</controlfield>
  <controlfield tag="005">20251107204458.0</controlfield>
  <controlfield tag="007">ta</controlfield>
  <controlfield tag="008">210818c20132014ck ao  er           spa d             spa</controlfield>
  <datafield tag="020" ind1=" " ind2=" ">
    <subfield code="a">9789588595122</subfield>
    <subfield code="q">(Volumen)</subfield>
  </datafield>
  <datafield tag="020" ind1=" " ind2=" ">
    <subfield code="a">9789588595153</subfield>
    <subfield code="q">(Serie)</subfield>
  </datafield>
  <datafield tag="040" ind1=" " ind2=" ">
    <subfield code="a">CO-BoRNBP</subfield>
    <subfield code="b">spa</subfield>
    <subfield code="e">rda</subfield>
    <subfield code="c">CO-BoRNBP</subfield>
  </datafield>
  <datafield tag="041" ind1="0" ind2=" ">
    <subfield code="a">spa</subfield>
  </datafield>
  <datafield tag="082" ind1="0" ind2="4">
    <subfield code="a">636.932</subfield>
    <subfield code="b">C65</subfield>
    <subfield code="2">22</subfield>
  </datafield>
  <datafield tag="245" ind1="0" ind2="0">
    <subfield code="a">Conejos y cuyes :</subfield>
    <subfield code="b">gu&#xED;a pr&#xE1;ctica /</subfield>
    <subfield code="c">Henry Alberto Grajales Lombana... [y otros tres].</subfield>
  </datafield>
  <datafield tag="250" ind1=" " ind2=" ">
    <subfield code="a">Primera edici&#xF3;n</subfield>
  </datafield>
  <datafield tag="264" ind1=" " ind2="1">
    <subfield code="a">Medell&#xED;n, Colombia :</subfield>
    <subfield code="b">Fundaci&#xF3;n Hogares Juveniles Campesinos,</subfield>
    <subfield code="c">2014</subfield>
  </datafield>
  <datafield tag="300" ind1=" " ind2=" ">
    <subfield code="a">89 p&#xE1;ginas :</subfield>
    <subfield code="b">ilustraciones y fotograf&#xED;as a color</subfield>
  </datafield>
  <datafield tag="336" ind1=" " ind2=" ">
    <subfield code="a">texto</subfield>
    <subfield code="b">txt</subfield>
    <subfield code="2">rdacontent</subfield>
  </datafield>
  <datafield tag="337" ind1=" " ind2=" ">
    <subfield code="a">sin mediaci&#xF3;n</subfield>
    <subfield code="b">n</subfield>
    <subfield code="2">rdamedia</subfield>
  </datafield>
  <datafield tag="338" ind1=" " ind2=" ">
    <subfield code="a">volumen</subfield>
    <subfield code="b">nc</subfield>
    <subfield code="2">rdacarrier</subfield>
  </datafield>
  <datafield tag="490" ind1="0" ind2=" ">
    <subfield code="a">50 A&#xF1;os</subfield>
  </datafield>
  <datafield tag="500" ind1=" " ind2=" ">
    <subfield code="a">Contiene DVD que facilita el proceso de aprendizaje</subfield>
  </datafield>
  <datafield tag="505" ind1=" " ind2=" ">
    <subfield code="a">Conejos -- Razas -- Sistemas de producci&#xF3;n -- Instalaciones --  Alimentaci&#xF3;n y nutrici&#xF3;n -- Sistemas de apareamiento y reproducci&#xF3;n -- Manejo -- Sanidad -- Productos de la explotaci&#xF3;n --  Cur&#xED;es -- Razas -- Sistemas de producci&#xF3;n -- Instalaciones --  Alimentaci&#xF3;n y nutrici&#xF3;n -- Selecci&#xF3;n y reproducci&#xF3;n -- Manejo --  Sanidad -- Productos de la explotaci&#xF3;n</subfield>
  </datafield>
  <datafield tag="521" ind1=" " ind2=" ">
    <subfield code="a">Recomendado para un p&#xFA;blico adulto</subfield>
  </datafield>
  <datafield tag="650" ind1="0" ind2="7">
    <subfield code="a">M&#xE9;todos alimentarios</subfield>
    <subfield code="2">LEMB</subfield>
    <subfield code="9">66935</subfield>
  </datafield>
  <datafield tag="650" ind1="0" ind2="7">
    <subfield code="a">Conejos</subfield>
    <subfield code="2">LEMB</subfield>
    <subfield code="9">30284</subfield>
  </datafield>
  <datafield tag="650" ind1="0" ind2="7">
    <subfield code="a">Cr&#xED;a de animales peque&#xF1;os</subfield>
    <subfield code="2">lemb</subfield>
    <subfield code="9">66936</subfield>
  </datafield>
  <datafield tag="650" ind1="0" ind2="7">
    <subfield code="a">Cunicultura</subfield>
    <subfield code="2">lemb</subfield>
    <subfield code="9">66937</subfield>
  </datafield>
  <datafield tag="700" ind1=" " ind2=" ">
    <subfield code="a">Albarrac&#xED;n B., Miguel Antonio</subfield>
    <subfield code="9">66938</subfield>
  </datafield>
  <datafield tag="700" ind1=" " ind2=" ">
    <subfield code="a">Forero Barrera, Gilma In&#xE9;s</subfield>
    <subfield code="e">aut</subfield>
    <subfield code="9">66931</subfield>
  </datafield>
  <datafield tag="700" ind1=" " ind2=" ">
    <subfield code="a">Grajales Lombana, Henry Alberto</subfield>
    <subfield code="9">66939</subfield>
  </datafield>
  <datafield tag="942" ind1=" " ind2=" ">
    <subfield code="2">ddc</subfield>
    <subfield code="c">BK</subfield>
  </datafield>
  <datafield tag="999" ind1=" " ind2=" ">
    <subfield code="c">59859</subfield>
    <subfield code="d">59859</subfield>
  </datafield>
  <datafield tag="952" ind1=" " ind2=" ">
    <subfield code="0">0</subfield>
    <subfield code="1">0</subfield>
    <subfield code="2">ddc</subfield>
    <subfield code="4">0</subfield>
    <subfield code="7">0</subfield>
    <subfield code="8">GEN</subfield>
    <subfield code="a">MEMAPJGA</subfield>
    <subfield code="b">MEMAPJGA</subfield>
    <subfield code="c">GEN</subfield>
    <subfield code="d">2025-11-07</subfield>
    <subfield code="l">0</subfield>
    <subfield code="o">636.932 C65</subfield>
    <subfield code="p">MPJG00875</subfield>
    <subfield code="r">2025-11-07 20:46:00</subfield>
    <subfield code="t">Ej.1</subfield>
    <subfield code="w">2025-11-07</subfield>
    <subfield code="y">BK</subfield>
  </datafield>
</record>
